00483nam a2200169Ia 4500008004100000082001200041082001400053100001900067245004300086260004500129260000700174300000800181600001900189630004300208700001900251730004300270151121s9999||||xx |||||||||||||| ||und|| a340/Jac bHNW-24029 aJacobs herbert a"Stevens"" elements of mercantile law" b"Butterworth & Co।, Ltd।, London।" c-- a694 aJacobs herbert a"Stevens"" elements of mercantile law" aJacobs herbert a"Stevens"" elements of mercantile law"